000 00265nam a2200121Ia 4500
008 190216s9999||||xx |||||||||||||| ||und||
100 _aChadurvedhi
245 0 _aHindi-Hamsi Aathihe
260 _bSahithya Sangam
300 _a116
650 _aHindi
942 _cBK
999 _c16402
_d16402